00633nam a2200205Ia 4500003000400000008004100004020002200045040000800067100001400075245004200089260002800131300001300159365001100172901002100183902003400204903005800238942001200296952010200308999001700410LDD181029s9999 xx 000 0 und d a195680162c525.00 cLDD aRoy, Asim 0aIslam in History & PoliticscAsim Roy aNew DelhibOxfordc2006 axi, 224p b525.00 a3546b24-11-2006 a11450b05-12-2006cFdGBHe32 aDiscount-10bReqst by : Nayak, Pandav (Prof.)  2ddccBK 00102ddc4070976663aLDDbLDDl1o297.0954 Is4p059992r2019-07-10s2019-07-04w2018-11-01yBK c76664d76664